000 00432nam a2200157Ia 4500
008 240729s9999 xx 000 0 und d
022 _a2378-2242
245 0 _aLimnology and Oceanography Letters
260 _aUnited States
260 _bWiley
650 _a Oceanography
650 _aGeography. Anthropology. Recreation
856 _uhttps://doaj.org/toc/7442b02c010c4b219ef37e1d0f1bfb4d
942 _2ddc
942 _cDOAJEJ
999 _c72689
_d72689
945 _a1
_bMadushi Gamage
_c1
_dMadushi Gamage